000 00431pab a2200169 454500
008 180718b2015 xxu||||| |||| 00| 0 eng d
100 _aJayakumar, Tulsi
245 _aFactor income inequalities in India: Contours and implications
260 _c2015
300 _ap.20-26.
362 _aJan
650 _aIncome distribution - India
650 _aIncome distribution
773 _aYojana
908 _aN
909 _a106659
999 _c106654
_d106654